| 000 | 00998cam a22003017a 4500 | ||
|---|---|---|---|
| 003 | CHAP | ||
| 005 | 20220329141133.0 | ||
| 008 | 971010s1956 mx r 00010 spa d | ||
| 010 | _a63193 | ||
| 011 | _a64165 | ||
| 035 | _a69412 | ||
| 040 | _cCHAP | ||
| 082 | 0 | 4 |
_a332.11 _bC3 |
| 100 | 0 | 0 |
_aCallaghan, B. B. _917524 |
| 245 | 1 | 3 |
_aEl Commonwealth Bank de Australia _b: el Banco de reserva de la India |
| 260 |
_aMéxico, D. F. : _bC.E.M.L.A., _c1956 |
||
| 300 | _a101 p. | ||
| 590 |
_aBATCH-UPD _b10 _c20130110 _lUCH01 _h0353 |
||
| 590 |
_aBATCH-UPD _b10 _c20130110 _lUCH01 _h2058 |
||
| 590 |
_aCONVERSION _b10 _c20130109 _lUCH01 _h1334 |
||
| 650 | 0 | 4 |
_aBancos y operaciones bancarias. _99913 |
| 700 | 0 |
_aPrasad, P. S. N. _991300 |
|
| 901 | _aBK | ||
| 942 | _cLIBRO | ||
| 949 |
_a332.11 C3 _bBC _cLIBRO _d33724000336921 _eLIBRO _fc.2 _i69412 _mD _si |
||
| 949 |
_a332.11 C3 _bBC _cLIBRO _d33724000336939 _eLIBRO _i69412 _mD _si |
||
| 949 |
_a332.11 C3 _bBC _cLIBRO _d33724002204876 _eLIBRO _fc.3 _h2791 _i69412 _mD _si |
||
| 999 |
_c63193 _d63193 |
||